000 00317nam a2200109 4500
008 180212b xxu||||| |||| 00| 0 eng d
245 _aUM grad top 5 licensure exams in social worker.
260 _aDavao City
_bSun Star Davao
_cc2017
300 _apage 14.
650 0 _926341
_aUniversity of Mindanao.
942 _2ddc
_cPER
999 _c8546
_d8546